Statistics for Countries with embassies and consulates in Bosnia and Herzegovina

Click here to take the quiz!

General Stats

  • This quiz has been taken 41 times
  • The average score is 36 of 42

Answer Stats

Continent Country % Correct
EuropeGermany
100%
North AmericaUnited States of America
100%
EuropeAustria
97%
EuropeBulgaria
97%
EuropeUnited Kingdom
97%
EuropeCroatia
97%
EuropeSwitzerland
97%
Asia/ EuropeRussia
97%
EuropeItaly
95%
EuropeSweden
95%
EuropeSlovenia
95%
EuropeRomania
95%
EuropeNorway
95%
Europethe Netherlands
95%
EuropeMontenegro
95%
EuropeFrance
95%
AsiaChina
95%
EuropeDenmark
95%
EuropeGreece
92%
South AmericaBrazil
92%
EuropeCzech Republic
92%
EuropeHungary
92%
EuropeSpain
92%
EuropeSlovakia
92%
EuropeMacedonia
89%
EuropeUkraine
89%
Asia/ EuropeTurkey
89%
AsiaJapan
89%
AfricaEgypt
87%
AsiaIran
84%
EuropePoland
84%
EuropeVatican City
84%
AsiaSaudi Arabia
79%
AsiaIndonesia
76%
AsiaQatar
74%
AsiaAzerbaijan
74%
AfricaLibya
71%
AsiaPakistan
66%
AsiaKuwait
66%
AsiaMalaysia
61%
EuropeSan Marino
53%
AsiaPalestine
21%

Score Distribution

Percentile by Number Answered

Percent of People with Each Score

Your Score History

You have not taken this quiz